La educación ciudadana ante los retos de la democracia en México / (Record no. 119070)
[ view plain ]
| 000 -CABECERA | |
|---|---|
| campo de control de longitud fija | 00767nam a2200217 a 4500 |
| 005 - FECHA Y HORA DE LA ÚLTIMA TRANSACCIÓN | |
| campo de control | 20250523063817.0 |
| 008 - ELEMENTOS DE LONGITUD FIJA--INFORMACIÓN GENERAL | |
| campo de control de longitud fija | 060912s2005 mx r 000 0 spa d |
| 035 ## - NÚMERO DE CONTROL DEL SISTEMA | |
| Número de control de sistema | UPN01000146924 |
| 049 ## - COLECCIÓN | |
| Colección | CG |
| 050 #4 - SIGNATURA TOPOGRÁFICA DE LA BIBLIOTECA DEL CONGRESO | |
| Número de clasificación | LC1091 |
| Número de documento/Ítem | R3.3 |
| 100 1# - ASIENTO PRINCIPAL--NOMBRE PERSONAL | |
| Nombre de persona | Ramírez, Gloria |
| 9 (RLIN) | 31307 |
| 245 13 - MENCIÓN DE TÍTULO | |
| Título | La educación ciudadana ante los retos de la democracia en México / |
| Mención de responsabilidad, etc. | Gloria Ramírez. |
| 260 ## - PUBLICACIÓN, DISTRIBUCIÓN, ETC. | |
| Lugar de publicación, distribución, etc. | México : |
| Nombre del editor, distribuidor, etc. | UNESCO, |
| Fecha de publicación, distribución, etc. | 2005. |
| 300 ## - DESCRIPCIÓN FÍSICA | |
| Extensión | 226 p. : |
| Otras características físicas | gráfs. |
| 500 ## - NOTA GENERAL | |
| Nota general | Incluye bibliografía básica sobre educación para la democracia |
| 650 #4 - ASIENTO SECUNDARIO DE MATERIA - TERMINO TEMATICO | |
| Término de materia o nombre geográfico como elemento de entrada | Ciudadanía |
| Subdivisión general | Estudio y enseñanza |
| 9 (RLIN) | 10629 |
| 650 #4 - ASIENTO SECUNDARIO DE MATERIA - TERMINO TEMATICO | |
| Término de materia o nombre geográfico como elemento de entrada | Civismo |
| Subdivisión general | Estudio y enseñanza |
| 9 (RLIN) | 5814 |
| 650 #4 - ASIENTO SECUNDARIO DE MATERIA - TERMINO TEMATICO | |
| Término de materia o nombre geográfico como elemento de entrada | Derechos humanos |
| Subdivisión general | Estudio y enseñanza |
| 9 (RLIN) | 13360 |
| 650 #4 - ASIENTO SECUNDARIO DE MATERIA - TERMINO TEMATICO | |
| Término de materia o nombre geográfico como elemento de entrada | Democracia |
| Subdivisión general | Estudio y enseñanza |
| 9 (RLIN) | 5269 |
| 905 ## - TIPO DE MATERIAL | |
| Tipo de material | Libro |
| Estado de retiro | Estado de pérdida | Fuente del sistema de clasificación o colocación | Estado dañado | No para préstamo | Código de colección | Localización permanente | Ubicación/localización actual | Ubicación en estantería | Fecha de adquisición | Enumeración/cronología de publicación seriada | Clasificación | Código de barras | Fecha visto por última vez | Número de copia | Tipo de ítem Koha | Total de préstamos | Renovaciones totales | Fecha del último préstamo |
|---|---|---|---|---|---|---|---|---|---|---|---|---|---|---|---|---|---|---|
| Library of Congress Classification | Disponible (Préstamo en sala) | UNESCO | Bib. Gregorio Torres Quintero | Bib. Gregorio Torres Quintero | Colecciones especiales Planta alta | 03/02/2023 | Donación UNESCO | LC1091 R3.3 | U13192 | 31/12/2020 | 1 | Libro | ||||||
| Library of Congress Classification | Colección General | Bib. Gregorio Torres Quintero | Bib. Gregorio Torres Quintero | Planta baja | 07/04/2022 | LC1091 R3.3 | 293841 | 27/04/2022 | 1 | Libro | 3 | 1 | 07/04/2022 | |||||
| Library of Congress Classification | Colección General | Bib. Gregorio Torres Quintero | Bib. Gregorio Torres Quintero | Planta baja | LC1091 R3.3 | 241057 | 31/12/2020 | 1 | Libro | 32 | ||||||||
| Library of Congress Classification | UNESCO | UNESCO | Bib. Gregorio Torres Quintero | Bib. Gregorio Torres Quintero | UNESCO | Donación UNESCO | LC1091 R3.3 | U6 | 31/12/2020 | 1 | Libro |
